000 00881cam a2200229 a 4500
001 000006318
005 20200929153921.0
008 810122s1979 ck b f000 0 spa
040 _aDO-SdBNP
_bspa
_cBNPHU
082 _aCo860.8
_bU76ó
100 1 _aUribe Uribe, Rafael,
_d1859-1914.
_917624
245 1 0 _aObras selectas /
_cRafael Uribe Uribe ; Jorge Mario Eastman, compilación y presentación.
260 _aBogotá, Colombia :
_bImprenta Nacional,
_c1979.
300 _a1 v. ;
_c23 cm.
490 1 _aPensadores políticos colombianos
504 _aIncluye referencias bibliográficas.
650 0 4 _aLiteratura colombiana
_xColecciones
_98106
651 4 _aColombia
_xPolítica Y Gobierno
_y1903-1930.
_917625
651 4 _aColombia
_xPolítica Y Gobierno
_y1886-1903.
_94347
700 1 _aEastman, Jorge Mario
_ecomp.
_917626
830 0 _aPensadores políticos colombianos ;
_99690
999 _c6113
_d6113